Aspekty krátkodobého finančného investovania v podmienkach EÚ bakalárska práca

Enregistré dans:
Détails bibliographiques
Auteur principal: Šipková, Kristína
Collectivité auteur: Fakulta podnikového manažmentu EU. Katedra podnikových financií
Autres auteurs: Kubranová, Magdaléna, 1956-
Format: Livre
Langue:slovaque
Publié: Bratislava 2023
Tags: Ajouter un tag
Pas de tags, Soyez le premier à ajouter un tag!

MARC

LEADER 00000nbm a2200000 4500
001 0293371
005 20240524091149.6
041 0 |a slo 
044 |a SK 
245 1 0 |a Aspekty krátkodobého finančného investovania v podmienkach EÚ  |b bakalárska práca  |c Kristína Šipková ; školiteľ: Magdaléna Kubranová 
264 1 |a Bratislava  |c 2023 
300 |a 46 s. 
100 1 |a Šipková, Kristína 
700 1 |a Kubranová, Magdaléna, 1956- 
710 2 |a Fakulta podnikového manažmentu EU. Katedra podnikových financií